书目信息 |
| 题名: |
李长之 李辰冬点评红楼梦
|
|
| 作者: | 李长之 , 李辰冬 著 | |
| 分册: | ||
| 出版信息: | 北京 团结出版社 2006 |
|
| 页数: | 26,246页 | |
| 开本: | 20cm | |
| 丛书名: | 红楼大家丛书 | |
| 单 册: | ||
| 中图分类: | I207.411-53 | |
| 科图分类: | ||
| 主题词: | 文学研究 | |
| 电子资源: | ||
| ISBN: | 7-80214-119-2 | |
| 000 | 00917oam2 2200289 450 | |
| 001 | 010040030441 | |
| 005 | 20061030094059.23 | |
| 010 | @a7-80214-119-2@dCNY19.80 | |
| 100 | @a20060215d2006 em y0chiy0110 ea | |
| 101 | 0 | @achi |
| 102 | @aCN@b110000 | |
| 105 | @ay z 000yy | |
| 200 | 1 | @a李长之 李辰冬点评红楼梦@9li chang zhi li chen dong dian ping hong lou meng@f李长之,李辰冬著 |
| 210 | @a北京@c团结出版社@d2006 | |
| 215 | @a26,246页@d20cm | |
| 225 | 2 | @a红楼大家丛书 |
| 308 | @a丛书第三辑 | |
| 330 | @a本书是作者评论《红楼梦》的文集,其文章有:《红楼梦》作者对于文学的态度之考察;论《红楼梦》的文学技巧等。 | |
| 461 | 0 | @12001 @a红楼大家丛书 |
| 605 | @a红楼梦@x文学研究 | |
| 605 | @a红楼梦 | |
| 606 | 0 | @a文学研究 |
| 690 | @aI207.411-53@v3 | |
| 701 | 0 | @a李长之@9li chang zhi@4著 |
| 701 | 0 | @a李辰冬@9li chen dong@4著 |
| 801 | 0 | @aCN@bRENTIAN@c20061030 |
| 905 | @a10447@dI207.411-53@e494 | |
| 李长之 李辰冬点评红楼梦/李长之,李辰冬著.-北京:团结出版社,2006 |
| 26,246页;20cm.-(红楼大家丛书) |
| ISBN 7-80214-119-2:CNY19.80 |
| 本书是作者评论《红楼梦》的文集,其文章有:《红楼梦》作者对于文学的态度之考察;论《红楼梦》的文学技巧等。 |
| ● |
| 相关链接 |
|
|
|
|
正题名:李长之 李辰冬点评红楼梦
索取号:I207.411-53/494
 
预约/预借
| 序号 | 登录号 | 条形码 | 馆藏地/架位号 | 状态 | 备注 |
| 1 | 0388564 | 203885643 | 第一样本阅览室/ [索取号:I207.411-53/494] | 在馆 | |
| 2 | 0388565 | 203885652 | 第二借阅区/ [索取号:I207.411-53/494] | 在馆 | |
| 3 | 0388566 | 203885661 | 第二借阅区/ [索取号:I207.411-53/494] | 在馆 | |
| 4 | 0388567 | 203885670 | 第二借阅区/ [索取号:I207.411-53/494] | 在馆 | |
| 5 | 0388568 | 203885689 | 第二借阅区/ [索取号:I207.411-53/494] | 在馆 |